Regional Economic Outlook, October 2020, Europe : Whatever It Takes: Europe's Response to COVID-19.

The COVID-19 pandemic has caused dramatic loss of human life and major damage to the European economy, but thanks to an exceptionally strong policy response, potentially devastating outcomes have been avoided.

書誌詳細
団体著者: International Monetary Fund. European Dept
フォーマット: 雑誌
言語:English
出版事項: Washington, D.C. : International Monetary Fund, 2020.
オンライン・アクセス:Full text available on IMF
LEADER 01189cas a2200205 a 4500
001 AALejournalIMF021291
008 230101c9999 xx r poo 0 0eng d
020 |c 20.00 USD 
020 |z 9781513558233 
040 |a BD-DhAAL  |c BD-DhAAL 
110 2 |a International Monetary Fund.  |b European Dept. 
245 1 0 |a Regional Economic Outlook, October 2020, Europe :   |b Whatever It Takes: Europe's Response to COVID-19. 
264 1 |a Washington, D.C. :  |b International Monetary Fund,  |c 2020. 
300 |a 1 online resource (55 pages) 
500 |a <strong>Off-Campus Access:</strong> No User ID or Password Required 
500 |a <strong>On-Campus Access:</strong> No User ID or Password Required 
506 |a Electronic access restricted to authorized BRAC University faculty, staff and students 
520 3 |a The COVID-19 pandemic has caused dramatic loss of human life and major damage to the European economy, but thanks to an exceptionally strong policy response, potentially devastating outcomes have been avoided. 
538 |a Mode of access: Internet 
856 4 0 |z Full text available on IMF  |u http://elibrary.imf.org/view/books/086/29363-9781513558233-en/29363-9781513558233-en-book.xml  |z IMF e-Library